Energy efficiency in the housing stock (Record no. 92498)

MARC details
000 -LEADER
fixed length control field 00551cam a2200217 4500
001 - CONTROL NUMBER
control field B2294
008 - FIXED-LENGTH DATA ELEMENTS--GENERAL INFORMATION
fixed length control field 090401t1988 xxu||||| |||| 00| 0 eng d
035 ## - SYSTEM CONTROL NUMBER
System control number (Sirsi) u49146
041 ## - LANGUAGE CODE
Language code of text/sound track or separate title eng
050 ## - LIBRARY OF CONGRESS CALL NUMBER
Classification number 333.72
100 ## - MAIN ENTRY--PERSONAL NAME
Personal name Henderson, G.
245 ## - TITLE STATEMENT
Title Energy efficiency in the housing stock
260 ## - PUBLICATION, DISTRIBUTION, ETC.
Place of publication, distribution, etc. Garston,Watford
Name of publisher, distributor, etc. Building Research Establishment
Date of publication, distribution, etc. 1988
300 ## - PHYSICAL DESCRIPTION
Extent (4)p. ; 30cm.
350 ## - PRICE (NR) (BK AM CF MU VM SE) [OBSOLETE]
Price 0
490 ## - SERIES STATEMENT
Series statement BRE Information Paper
Volume/sequential designation 22/88
650 ## - SUBJECT ADDED ENTRY--TOPICAL TERM
Topical term or geographic name entry element BREHOMES
700 ## - ADDED ENTRY--PERSONAL NAME
Personal name Shorrock, L. D.
942 ## - ADDED ENTRY ELEMENTS (KOHA)
Suppress in OPAC 0
948 ## - LOCAL PROCESSING INFORMATION (OCLC); SERIES PART DESIGNATOR (RLIN)
c (OCLC) 04/03/1997
Holdings
Withdrawn status Lost status Source of classification or shelving scheme Damaged status Not for loan Home library Current library Shelving location Date acquired Total Checkouts Full call number Barcode Date last seen Copy number Price effective from Koha item type
    Dewey Decimal Classification     London London Boxed set 14/09/1999   BOXED SET 30022055 06/08/2019 1 06/08/2019 Book